Magunkról-magunknak
Elmentve itt :
| Szerző: | |
|---|---|
| Dokumentumtípus: | Cikk |
| Megjelent: |
1926
|
| Sorozat: | Botond : szépirodalmi és tudományos folyóirat
2 No. 1-2 |
| Kulcsszavak: | Oktatás magyar, Magyar irodalom publicisztika |
| Online Access: | http://misc.bibl.u-szeged.hu/3141 |
| LEADER | 00599nab a2200169 i 4500 | ||
|---|---|---|---|
| 001 | misc3141 | ||
| 005 | 20191106143108.0 | ||
| 008 | 170607s1926 hu o 0|| hun d | ||
| 040 | |a SZTE Miscellanea Repozitórium |b hun | ||
| 041 | |a hun | ||
| 100 | 1 | |a Tél József | |
| 245 | 1 | 0 | |a Magunkról-magunknak |h [elektronikus dokumentum] / |c Tél József |
| 260 | |c 1926 | ||
| 300 | |a 41-42 | ||
| 490 | 0 | |a Botond : szépirodalmi és tudományos folyóirat |v 2 No. 1-2 | |
| 695 | |a Oktatás magyar, Magyar irodalom publicisztika | ||
| 856 | 4 | 0 | |u http://misc.bibl.u-szeged.hu/3141/1/botond_002_001_002_041-042.pdf |z Dokumentum-elérés |